|
|
|
|
| LEADER |
00867nam a2200277 4500 |
| 001 |
DLU090078059 |
| 005 |
##20090608 |
| 040 |
# |
# |
|a DLU
|b eng
|
| 041 |
# |
# |
|a eng
|
| 044 |
# |
# |
|a JP
|
| 100 |
# |
# |
|a Kabeya, Yoshitsugu.
|
| 245 |
# |
# |
|a Behavior of least-energy solutions to Matukuma type equations /
|c Yoshitsugu Kabeya.
|
| 653 |
# |
# |
|a Asymptotic behavior
|
| 653 |
# |
# |
|a Least-energy solutions
|
| 653 |
# |
# |
|a Semilinear elliptic equations
|
| 653 |
# |
# |
|a Weighted Sobolev inequalities
|
| 773 |
# |
# |
|t Journal of the Mathematical Society of Japan
|g Vol. 54, no. 4 (October 2002), p. 937-973
|
| 920 |
# |
# |
|a Phòng Tạp chí -- Trung tâm Thông tin - Thư viện Trường Đại học Đà Lạt
|
| 994 |
# |
# |
|a DLU
|
| 900 |
# |
# |
|a True
|
| 911 |
# |
# |
|a Trương Bảo Trâm Anh
|
| 925 |
# |
# |
|a G
|
| 926 |
# |
# |
|a A
|
| 927 |
# |
# |
|a BB
|
| 980 |
# |
# |
|a Thư viện Trường Đại học Đà Lạt
|